History Quiz

Random History or Artist Quiz
Score 0/20 Timer 07:00
22 Plays Today
% Correct
The Mona Lisa
95.7%
The Statue of Liberty
93.3%
Japan
93.3%
Claude Monet
92.5%
Andy Warhol
92.2%
Michelangelo
91.2%
Mexico
89.6%
The Thinker
89%
The Renaissance
87.8%
The Met, MoMA
84%
% Correct
Cubism
78.4%
Birds
75.1%
American Gothic
74.1%
Surrealism
73.6%
Sandro Botticelli
65.1%
Rembrandt
64.1%
The Starry Night
63.9%
Norway
63.4%
Jackson Pollock
54.5%
M.C. Escher
51.3%
Remove Ads.
Support Sporcle.
Get the best of Sporcle when you Go Orange. This ad-free experience offers more features, more stats, and more fun while also helping to support Sporcle. Thank you for becoming a member.

You're not logged in!

Compare scores with friends on all Sporcle quizzes.
OR
Log In

Show Comments

Extras

Top Quizzes Today


Score Distribution

Your Account Isn't Verified!

In order to create a playlist on Sporcle, you need to verify the email address you used during registration. Go to your Sporcle Settings to finish the process.

Report this User

Report this user for behavior that violates our Community Guidelines.

Details: